| 000 | 00994nas a2200313 4500 | ||
|---|---|---|---|
| 001 | BR0101665 | ||
| 003 | BR-BrBNA | ||
| 005 | 20231205102152.0 | ||
| 007 | ta | ||
| 008 | 230509b bl.|||p| |||| 00| 00por d | ||
| 040 |
_aBR-BrBNA _bpor _cBiblioteca Nacional de Agricultura |
||
| 041 | _a(Pt) | ||
| 072 | _aF02 | ||
| 100 | 1 | _aRufato, L. | |
| 100 | 1 | _aTrevisan, R. | |
| 100 | 1 | _aGoncalves, E.D. | |
| 100 | 1 | _aRossi, A. de | |
| 100 | 1 | _aBuso, L.H. | |
| 100 | 1 | _aGuarda, V. de C. | |
| 100 | 1 | _aKersten, E. | |
| 245 | 1 | _aUso do hidroxido de potassio e do alcool etilico no preparo de solucoes de acido indolbutirico para o enraizamento de estacas de pessegueiro cultivar BR2 | |
| 650 | _aPessego | ||
| 650 | _aEnraizamento de Estaca | ||
| 650 | _aAcido Indolbutirico | ||
| 650 | _aEtanol | ||
| 773 | 0 |
_tRevista Brasileira de Fruticultura (Brazil) _xISSN 0100-2945 _g(Dec 2000), v. 22(3) p. 413-415 _wBR0101665 |
|
| 909 |
_a202311 _bLúcia _c55 _dLúcia Elande |
||
| 942 |
_2AGRIS _n0 _cANA |
||
| 999 |
_c166107 _d166107 |
||